Jawaharlal Nehru and India's foreign policy (Record no. 349478)

000 -LEADER
fixed length control field 00388cam a22001337a 4500
008 - FIXED-LENGTH DATA ELEMENTS--GENERAL INFORMATION
fixed length control field 180718b1977 xxu||||| |||| 00| 0 eng d
082 ## - DEWEY DECIMAL CLASSIFICATION NUMBER
Classification number Dx54 N17
100 ## - MAIN ENTRY--PERSONAL NAME
Personal name Nesenko, Yuri
245 ## - TITLE STATEMENT
Title Jawaharlal Nehru and India's foreign policy
Statement of responsibility, etc. by Yuri Nasenko
260 ## - PUBLICATION, DISTRIBUTION, ETC.
Place of publication, distribution, etc. Delhi
Name of publisher, distributor, etc. Sterling
Date of publication, distribution, etc. 1977
300 ## - PHYSICAL DESCRIPTION
Extent 351p.
650 ## - SUBJECT ADDED ENTRY--TOPICAL TERM
Topical term or geographic name entry element India --Foreign relations
650 ## - SUBJECT ADDED ENTRY--TOPICAL TERM
Topical term or geographic name entry element Nehru, Jawaharlal, 1889-1964
Holdings
Withdrawn status Lost status Damaged status Not for loan Permanent Location Current Location Date acquired Total Checkouts Full call number Barcode Checked out Date last seen Date last checked out Price effective from Koha item type
        Indian Institute of Public Administration Indian Institute of Public Administration 1993-11-01 1 Dx54 N17 52328 2019-10-14 2019-10-14 2019-10-14 2018-07-21 Book

Powered by Koha